[Event "GM tournament"]
[Site "Panevezys"]
[Date "2008.08.12"]
[Round "1.1"]
[White "Haznedaroglu, Kivanc"]
[Black "Luch, Michal"]
[Result "1/2-1/2"]
[WhiteElo "2444"]
[BlackElo "2412"]
[PlyCount "57"]
[EventDate "2008.08.12"]

1. e4 e6 2. d4 d5 3. e5 c5 4. c3 Qb6 5. Nf3 Bd7 6. a3 Bb5 7. dxc5 Bxc5 8. Bxb5+
Qxb5 9. a4 Qd7 10. O-O a5 11. Qe2 Ne7 12. Nbd2 Nbc6 13. Rd1 Qc7 14. Nb3 Ba7 15.
Bf4 Rc8 16. Rac1 O-O 17. h4 Qb6 18. Nbd4 Nxd4 19. Nxd4 Qa6 20. Kf1 Qxe2+ 21.
Kxe2 Bxd4 22. cxd4 Nf5 23. h5 Rxc1 24. Bxc1 Rc8 25. Be3 f6 26. exf6 gxf6 27. g4
Nxe3 28. Kxe3 Rc4 29. b3 1/2-1/2

[Event "GM tournament"]
[Site "Panevezys"]
[Date "2008.08.12"]
[Round "1.2"]
[White "Pileckis, Emilis"]
[Black "Sarakauskas, Gediminas"]
[Result "1-0"]
[WhiteElo "2443"]
[BlackElo "2449"]
[PlyCount "79"]
[EventDate "2008.08.12"]

1. Nf3 Nf6 2. c4 e6 3. Nc3 b6 4. g3 Bb7 5. Bg2 Be7 6. O-O O-O 7. Re1 d5 8. cxd5
exd5 9. d4 Nbd7 10. Bf4 Ne4 11. Nd2 Ndf6 12. Ndxe4 Nxe4 13. Nxe4 dxe4 14. Qc2
Qd5 15. Qxc7 Bf6 16. e3 Rfd8 17. Bh3 Bc8 18. Bf1 Be6 19. b3 Qa5 20. Rec1 Rac8
21. Qb7 Rxc1 22. Rxc1 Bd5 23. Qa6 Qxa6 24. Bxa6 g5 25. Bc7 Re8 26. Bd6 Re6 27.
Bb8 Re8 28. Bxa7 Ra8 29. Rc8+ Rxc8 30. Bxc8 Bd8 31. Bb8 Bc6 32. Bg4 b5 33. Bd6
Ba5 34. b4 Bd8 35. f3 Kg7 36. Kf2 Kf6 37. Bc5 Bc7 38. fxe4 Bxe4 39. Bf3 Bd3 40.
e4 1-0

[Event "GM tournament"]
[Site "Panevezys"]
[Date "2008.08.12"]
[Round "1.3"]
[White "Klimov, Sergey"]
[Black "Beinoras, Mindaugas"]
[Result "1/2-1/2"]
[WhiteElo "2509"]
[BlackElo "2426"]
[PlyCount "42"]
[EventDate "2008.08.12"]

1. e4 e5 2. Nf3 Nc6 3. Bb5 a6 4. Ba4 Nf6 5. O-O Be7 6. Qe2 b5 7. Bb3 O-O 8. c3
d6 9. Rd1 Na5 10. Bc2 c5 11. d4 Qc7 12. d5 Bd7 13. b3 Nb7 14. Nbd2 Nd8 15. a4
Rb8 16. Nf1 Ne8 17. axb5 axb5 18. b4 f6 19. Ne3 g6 20. bxc5 dxc5 21. h3 Nd6
1/2-1/2

[Event "GM tournament"]
[Site "Panevezys"]
[Date "2008.08.12"]
[Round "1.5"]
[White "Simutowe, Amon"]
[Black "Miezis, Normunds"]
[Result "0-1"]
[WhiteElo "2459"]
[BlackElo "2540"]
[PlyCount "53"]
[EventDate "2008.08.12"]

1. d4 Nf6 2. c4 e6 3. Nc3 Bb4 4. e3 c5 5. Bd3 d5 6. cxd5 exd5 7. Nge2 cxd4 8.
exd4 O-O 9. O-O h6 10. a3 Bd6 11. Nf4 Nc6 12. Bc2 Re8 13. h3 Bxf4 14. Bxf4 Qb6
15. Qc1 Nxd4 16. Be3 Nf3+ 17. gxf3 d4 18. Na4 Qc6 19. Bxd4 Bxh3 20. Qd1 Rad8
21. Kh2 Bxf1 22. Nc3 Ba6 23. Kg2 Qc4 24. Bxf6 Rxd1 25. Rxd1 gxf6 26. Be4 Kh8
27. f4 0-1

[Event "GM tournament"]
[Site "Panevezys"]
[Date "2008.08.13"]
[Round "2.1"]
[White "Luch, Michal"]
[Black "Miezis, Normunds"]
[Result "1/2-1/2"]
[WhiteElo "2412"]
[BlackElo "2540"]
[PlyCount "26"]
[EventDate "2008.08.12"]

1. d4 Nf6 2. c4 e6 3. Nf3 Bb4+ 4. Nbd2 c5 5. a3 Bxd2+ 6. Bxd2 cxd4 7. Nxd4 Ne4
8. Qc2 Nxd2 9. Qxd2 O-O 10. Nb5 d5 11. cxd5 exd5 12. e3 Nc6 13. Rd1 Bg4 1/2-1/2

[Event "GM tournament"]
[Site "Panevezys"]
[Date "2008.08.13"]
[Round "2.2"]
[White "Kovalev, Andrei"]
[Black "Simutowe, Amon"]
[Result "1/2-1/2"]
[WhiteElo "2550"]
[BlackElo "2459"]
[PlyCount "113"]
[EventDate "2008.08.12"]

1. e4 c6 2. d4 d5 3. e5 Bf5 4. Nf3 e6 5. Be2 Nd7 6. O-O h6 7. Nbd2 Ne7 8. Nb3
Qc7 9. Bd2 Bh7 10. Bb4 Ng6 11. Bxf8 Ngxf8 12. Rc1 Nb6 13. Nc5 Nfd7 14. Nd3 O-O
15. Re1 c5 16. c3 Rac8 17. dxc5 Nc4 18. b4 b6 19. cxb6 axb6 20. a4 Ra8 21. Bf1
Rfc8 22. h3 Be4 23. Nd4 Bxd3 24. Bxd3 Nb2 25. Qe2 Nxd3 26. Qxd3 Nxe5 27. Qe2
Nc4 28. Ra1 Nd6 29. Rec1 Nc4 30. Re1 Qd7 31. Qg4 Nd6 32. Re3 Ne4 33. Nb5 Qxb5
34. Rxe4 dxe4 35. axb5 Rxa1+ 36. Kh2 Rxc3 37. Qxe4 Ra4 38. Qd4 Rb3 39. Qd8+ Kh7
40. Qc7 f5 41. Qxb6 Raxb4 42. Qxe6 Rxb5 43. h4 R3b4 44. g3 Re4 45. Qf7 Rg4 46.
f3 Rg6 47. h5 Rf6 48. Qd7 Rb2+ 49. Kh3 Rb1 50. Kg2 Rb8 51. Kh3 Kh8 52. f4 Rff8
53. Qe7 Rbc8 54. Qd6 Rf6 55. Qd3 Rc5 56. Kg2 Kg8 57. Kh2 1/2-1/2

[Event "GM tournament"]
[Site "Panevezys"]
[Date "2008.08.13"]
[Round "2.5"]
[White "Haznedaroglu, Kivanc"]
[Black "Pileckis, Emilis"]
[Result "1/2-1/2"]
[WhiteElo "2444"]
[BlackElo "2443"]
[PlyCount "81"]
[EventDate "2008.08.12"]

1. e4 c5 2. Nf3 Nc6 3. d4 cxd4 4. Nxd4 Nf6 5. Nc3 e5 6. Ndb5 d6 7. Bg5 a6 8.
Na3 b5 9. Nd5 Be7 10. Bxf6 Bxf6 11. c4 b4 12. Nc2 Rb8 13. b3 Bg5 14. g3 O-O 15.
h4 Bh6 16. Bh3 Be6 17. Qh5 Bxd5 18. cxd5 Ne7 19. O-O Bd2 20. a4 f5 21. exf5 Qc7
22. Ra2 Nxd5 23. Nd4 exd4 24. Rxd2 Nf4 25. gxf4 Qc3 26. Rfd1 Qxh3 27. Rd3 Rxf5
28. Rxh3 Rxh5 29. Rxd4 d5 30. Kg2 Kf7 31. Rg3 a5 32. Re3 Rc8 33. Rd1 Rc7 34.
Kg3 Rd7 35. Kg4 g6 36. Rd4 Rc7 37. Rd1 Rf5 38. Kf3 Rh5 39. Kg4 Rf5 40. Kf3 Rh5
41. Kg4 1/2-1/2

[Event "GM tournament"]
[Site "Panevezys"]
[Date "2008.08.13"]
[Round "3.1"]
[White "Pileckis, Emilis"]
[Black "Luch, Michal"]
[Result "1/2-1/2"]
[WhiteElo "2443"]
[BlackElo "2412"]
[PlyCount "73"]
[EventDate "2008.08.12"]

1. Nf3 g6 2. c4 Bg7 3. d4 c5 4. e4 Qa5+ 5. Bd2 Qb6 6. Bc3 Nc6 7. dxc5 Bxc3+ 8.
Nxc3 Qxb2 9. Nb5 Qb4+ 10. Qd2 Rb8 11. Qxb4 Nxb4 12. Nfd4 Nc6 13. Rb1 Kd8 14.
Rb3 Nf6 15. f3 a6 16. Nxc6+ dxc6 17. Nc3 Kc7 18. Kd2 e5 19. Be2 Nd7 20. Na4 Nf8
21. Nb2 Ne6 22. Nd3 f6 23. Kc3 Rd8 24. Rhb1 Rxd3+ 25. Bxd3 Nxc5 26. Ra3 Be6 27.
Kb4 b6 28. Bc2 a5+ 29. Rxa5 bxa5+ 30. Kxc5 Rxb1 31. Bxb1 h5 32. Bd3 g5 33. Be2
f5 34. Bd3 f4 35. h3 Bd7 36. Be2 Bc8 37. Bd1 1/2-1/2

[Event "GM tournament"]
[Site "Panevezys"]
[Date "2008.08.13"]
[Round "3.2"]
[White "Klimov, Sergey"]
[Black "Haznedaroglu, Kivanc"]
[Result "1-0"]
[WhiteElo "2509"]
[BlackElo "2444"]
[PlyCount "65"]
[EventDate "2008.08.12"]

1. e4 c5 2. Nf3 Nc6 3. d4 cxd4 4. Nxd4 Qb6 5. Nb3 Nf6 6. Nc3 e6 7. Bd3 Be7 8.
O-O a6 9. Be3 Qc7 10. f4 d6 11. Qf3 O-O 12. g4 b5 13. g5 Nd7 14. Qh5 g6 15. Qh4
Re8 16. Rf3 Nb4 17. Rh3 Nf8 18. Rf1 Bd8 19. e5 Bb7 20. exd6 Qxd6 21. Be4 Nd5
22. Bc5 Bb6 23. Qf2 Bxc5 24. Nxc5 Bc6 25. Bg2 Nxf4 26. Qxf4 Qxc5+ 27. Rf2 Re7
28. b4 Qb6 29. Qd6 Rc7 30. Ne4 Nd7 31. Qf4 Rf8 32. Nf6+ Nxf6 33. gxf6 1-0

[Event "GM tournament"]
[Site "Panevezys"]
[Date "2008.08.13"]
[Round "3.3"]
[White "Malakhatko, Vadim"]
[Black "Sarakauskas, Gediminas"]
[Result "1-0"]
[WhiteElo "2612"]
[BlackElo "2449"]
[PlyCount "59"]
[EventDate "2008.08.12"]

1. c4 e5 2. Nc3 Nf6 3. Nf3 Nc6 4. a3 d5 5. cxd5 Nxd5 6. Qc2 Be7 7. e3 Nxc3 8.
bxc3 f5 9. d4 e4 10. Nd2 O-O 11. Be2 Na5 12. Nb3 c5 13. Nxa5 Qxa5 14. Qb3+ Kh8
15. O-O Rf6 16. a4 Qc7 17. a5 Rh6 18. g3 Be6 19. d5 Bg8 20. c4 Rb8 21. Ra2 Qd7
22. f4 Rf6 23. Bb2 Rf7 24. Bh5 Rff8 25. Be5 Bd6 26. Qc3 Rfc8 27. g4 Bxe5 28.
fxe5 g6 29. gxf5 gxh5 30. Rg2 1-0

[Event "GM tournament"]
[Site "Panevezys"]
[Date "2008.08.13"]
[Round "3.4"]
[White "Simutowe, Amon"]
[Black "Beinoras, Mindaugas"]
[Result "1-0"]
[WhiteElo "2459"]
[BlackElo "2426"]
[PlyCount "125"]
[EventDate "2008.08.12"]

1. c4 e6 2. Nc3 d5 3. d4 c6 4. Nf3 Nf6 5. cxd5 exd5 6. Bg5 Be7 7. Qc2 Nbd7 8.
e3 Nf8 9. Bd3 Ne6 10. Bh4 g6 11. Ne5 O-O 12. O-O Ng7 13. f3 Be6 14. Bf2 Nfe8
15. e4 f6 16. exd5 fxe5 17. dxe6 exd4 18. Ne2 c5 19. b4 b6 20. bxc5 bxc5 21.
Rab1 Rc8 22. Rb7 Rc7 23. Rfb1 Kh8 24. Rb8 Qd5 25. Bg3 c4 26. Be4 Qc5 27. Bf2 d3
28. Qc3 Qd6 29. Nd4 Bf6 30. Nb5 Bxc3 31. Nxd6 Be5 32. Nb5 Re7 33. Rc8 Nxe6 34.
Rxc4 a6 35. Nd4 Nd6 36. Nxe6 Rxe6 37. Rc6 d2 38. Bd5 Ref6 39. Rd1 Nb5 40. Rxd2
Rd8 41. Rxf6 Bxf6 42. Be3 a5 43. Bc6 Nd4 44. Ba4 Kg7 45. Kf2 Kf7 46. g4 Ke6 47.
Rb2 h5 48. g5 Be5 49. Rb6+ Kf7 50. f4 Bh8 51. Ra6 Rb8 52. Bxd4 Bxd4+ 53. Kf3
Bb6 54. Bc2 Kg7 55. Be4 Kf7 56. f5 gxf5 57. Bxf5 Kg7 58. Kg3 Bc7+ 59. Kh4 Rb5
60. Ra7 Rxf5 61. Rxc7+ Kg6 62. Rc6+ Kg7 63. Kxh5 1-0

[Event "GM tournament"]
[Site "Panevezys"]
[Date "2008.08.14"]
[Round "4.1"]
[White "Luch, Michal"]
[Black "Kovalev, Andrei"]
[Result "0-1"]
[WhiteElo "2412"]
[BlackElo "2550"]
[PlyCount "86"]
[EventDate "2008.08.12"]

1. d4 Nf6 2. c4 g6 3. Nc3 Bg7 4. e4 d6 5. Nf3 O-O 6. Be2 Nbd7 7. O-O e5 8. Be3
c6 9. d5 c5 10. Ne1 Ne8 11. g4 Kh8 12. Kh1 Bf6 13. Qd2 Be7 14. Rg1 Ng7 15. Nf3
Nf6 16. Ng5 h6 17. Nh3 h5 18. f3 Nh7 19. Bd3 Bh4 20. a3 Bd7 21. b4 b6 22. Rab1
Ne8 23. Qg2 hxg4 24. fxg4 Ng5 25. Rgf1 Kg7 26. Ng1 Nf6 27. Be2 Qc8 28. bxc5
bxc5 29. Bf2 Bxf2 30. Rxf2 Nxg4 31. Bxg4 Bxg4 32. Nb5 Rd8 33. Rbf1 a6 34. Nc3
Ra7 35. Qg3 Rb7 36. Rg2 f5 37. exf5 gxf5 38. h4 Rh8 39. Nf3 Nxf3 40. Rxf3 Rh6
41. Ne4 Rb1+ 42. Kh2 Qd8 43. Nf2 Qxh4+ 0-1

[Event "GM tournament"]
[Site "Panevezys"]
[Date "2008.08.14"]
[Round "4.2"]
[White "Beinoras, Mindaugas"]
[Black "Miezis, Normunds"]
[Result "0-1"]
[WhiteElo "2426"]
[BlackElo "2540"]
[PlyCount "126"]
[EventDate "2008.08.12"]

1. d4 Nf6 2. Nf3 e6 3. g3 b5 4. Bg2 Bb7 5. O-O c5 6. c3 Na6 7. Bg5 Be7 8. Nbd2
cxd4 9. Nxd4 Bxg2 10. Kxg2 b4 11. cxb4 Qb6 12. N4f3 Qxb4 13. a3 Qb5 14. b4 O-O
15. Nb3 Rfc8 16. Nbd4 Qb7 17. Kg1 Nc7 18. Qa4 Ncd5 19. Rfc1 h6 20. Bd2 Ne4 21.
Qd1 Qb8 22. Be1 Qb7 23. Rxc8+ Rxc8 24. Rc1 Rxc1 25. Qxc1 Nb6 26. Qc2 Bf6 27. a4
d5 28. a5 Nc4 29. Qa4 Ned6 30. Qc2 e5 31. Nb3 Qb5 32. e3 Ne4 33. Nc1 Be7 34.
Na2 Bd6 35. Nc3 Nxc3 36. Bxc3 a6 37. Qf5 Qe8 38. h4 f6 39. Nd2 Na3 40. Nf3 Nb5
41. Bd2 Bf8 42. Qc2 Qd7 43. Qb3 Qc6 44. Qb1 Nd6 45. Be1 Qc4 46. Qd1 Kf7 47. Nh2
Ke6 48. Nf1 Be7 49. Qh5 Qe4 50. Qe2 Qc4 51. Qh5 Bf8 52. Bd2 Qe4 53. Be1 g6 54.
Qd1 h5 55. Qa4 Qb1 56. Bd2 Nb5 57. Kg2 Bd6 58. Nh2 Qb2 59. Be1 Qc1 60. Kf1 e4
61. Qb3 Qc4+ 62. Qxc4 dxc4 63. Ke2 c3 0-1

[Event "GM tournament"]
[Site "Panevezys"]
[Date "2008.08.14"]
[Round "4.4"]
[White "Haznedaroglu, Kivanc"]
[Black "Malakhatko, Vadim"]
[Result "0-1"]
[WhiteElo "2444"]
[BlackElo "2612"]
[PlyCount "134"]
[EventDate "2008.08.12"]

1. e4 e6 2. d4 d5 3. e5 c5 4. c3 Qb6 5. Nf3 Nc6 6. a3 Nh6 7. b4 cxd4 8. cxd4
Nf5 9. Bb2 Bd7 10. g4 Nh6 11. Rg1 f6 12. exf6 gxf6 13. Nc3 Nf7 14. Na4 Qc7 15.
Rc1 Qf4 16. Nc5 Bxc5 17. dxc5 Nfe5 18. Nxe5 fxe5 19. Rg3 O-O 20. Rc2 Nd4 21.
Bxd4 exd4 22. Qc1 Qxc1+ 23. Rxc1 e5 24. b5 Rac8 25. g5 Rc7 26. g6 h6 27. Bh3
Bxh3 28. Rxh3 Kg7 29. Rh5 Re7 30. c6 Kxg6 31. cxb7 Kxh5 32. Rc8 Rxb7 33. Rxf8
Rxb5 34. Rf5+ Kg4 35. Rxe5 Kf4 36. Re6 h5 37. Kd2 Rb3 38. Rf6+ Ke5 39. Ra6 Rb2+
40. Kd3 Rxf2 41. Rxa7 Rf3+ 42. Kd2 Rh3 43. a4 Rxh2+ 44. Kd3 Rh3+ 45. Kd2 d3 46.
Kc3 d2+ 47. Kxd2 Kd4 48. a5 Rh2+ 49. Kc1 Kd3 50. a6 Rc2+ 51. Kb1 Rc6 52. Rh7
Rxa6 53. Rxh5 d4 54. Rh3+ Kd2 55. Rh2+ Kc3 56. Rc2+ Kd3 57. Rh2 Re6 58. Rh3+
Kd2 59. Rh2+ Kc3 60. Rc2+ Kd3 61. Rc8 Ke2 62. Kc1 d3 63. Rd8 Rc6+ 64. Kb2 d2
65. Re8+ Kd1 66. Rh8 Rb6+ 67. Ka2 Rb5 0-1

[Event "GM tournament"]
[Site "Panevezys"]
[Date "2008.08.14"]
[Round "4.5"]
[White "Pileckis, Emilis"]
[Black "Klimov, Sergey"]
[Result "1-0"]
[WhiteElo "2443"]
[BlackElo "2509"]
[PlyCount "89"]
[EventDate "2008.08.12"]

1. Nf3 Nf6 2. c4 g6 3. Nc3 Bg7 4. e4 d6 5. d4 O-O 6. Be2 e5 7. O-O Na6 8. Be3
h6 9. dxe5 Ng4 10. Bd2 Nxe5 11. Nd4 h5 12. Bf4 Nc5 13. Qd2 Nc6 14. Be3 Qh4 15.
f3 Be5 16. f4 Bg7 17. Bf2 Qd8 18. Rad1 Bd7 19. e5 Nxd4 20. Bxd4 Ne6 21. Be3 Bc6
22. f5 gxf5 23. exd6 Qxd6 24. Qxd6 cxd6 25. Rxf5 Bxc3 26. bxc3 Ng7 27. Rf6 Rfe8
28. Kf2 Re5 29. Rd2 Ne6 30. Bd4 Rg5 31. g3 Nc5 32. Bxc5 dxc5 33. Bf3 Kg7 34.
Rf4 Rg6 35. Bxh5 Rf6 36. Rxf6 Kxf6 37. Bf3 Rc8 38. Rd6+ Ke5 39. Rh6 Bxf3 40.
Kxf3 Rd8 41. Rh5+ f5 42. Ke3 Rd1 43. g4 Re1+ 44. Kf3 Rf1+ 45. Kg2 1-0

[Event "GM tournament"]
[Site "Panevezys"]
[Date "2008.08.15"]
[Round "5.1"]
[White "Klimov, Sergey"]
[Black "Luch, Michal"]
[Result "1-0"]
[WhiteElo "2509"]
[BlackElo "2412"]
[PlyCount "89"]
[EventDate "2008.08.12"]

1. e4 e6 2. d4 d5 3. Nc3 h6 4. Be3 dxe4 5. Nxe4 Nd7 6. Bd3 Ngf6 7. Qe2 b6 8.
Nxf6+ Qxf6 9. Be4 Rb8 10. Nf3 Bd6 11. g4 Qe7 12. g5 hxg5 13. Bxg5 f6 14. Bd2 b5
15. O-O-O a6 16. Rdg1 Nf8 17. h4 Bd7 18. h5 Qf7 19. Rh4 Rxh5 20. Ne5 Rxh4 21.
Nxf7 Kxf7 22. f4 f5 23. Bf3 g6 24. Qf2 Rh8 25. d5 Nh7 26. Qd4 Nf6 27. Bc3 Be7
28. Re1 Rhe8 29. Qe5 Bd8 30. dxe6+ Bxe6 31. Bc6 Bd7 32. Bd5+ Kf8 33. Qd4 Rxe1+
34. Bxe1 Be7 35. Bf3 Rb6 36. Ba5 Rd6 37. Qa7 c5 38. Bc7 Re6 39. Be5 Be8 40. Bb7
Kf7 41. Bc8 Rc6 42. Bxa6 b4 43. Qb7 Ne4 44. Bc4+ Kf8 45. Bg7+ 1-0

[Event "GM tournament"]
[Site "Panevezys"]
[Date "2008.08.15"]
[Round "5.2"]
[White "Malakhatko, Vadim"]
[Black "Pileckis, Emilis"]
[Result "0-1"]
[WhiteElo "2612"]
[BlackElo "2443"]
[PlyCount "78"]
[EventDate "2008.08.12"]

1. d4 Nf6 2. c4 e6 3. Nf3 b6 4. g3 Ba6 5. b3 Bb4+ 6. Bd2 Be7 7. Bg2 c6 8. Bc3
d5 9. Ne5 Nfd7 10. Nxd7 Nxd7 11. Nd2 O-O 12. O-O Rb8 13. e4 b5 14. Re1 bxc4 15.
bxc4 dxc4 16. Qa4 Bb5 17. Qc2 Ba3 18. Nb1 Bd6 19. e5 Be7 20. a4 Ba6 21. a5 Qc7
22. Nd2 Rfd8 23. Nf1 Bb4 24. Nd2 c5 25. d5 exd5 26. Bxd5 Nf8 27. Be4 h6 28. Re3
Ne6 29. Rae1 Qxa5 30. Ra1 Rxd2 31. Rxa5 Rxc2 32. Bxc2 Bxa5 33. Bxa5 Nd4 34. Be4
Bb7 35. Bc7 Bxe4 36. Bxb8 c3 37. Kf1 c2 38. Rc3 Bd3+ 39. Kg2 c4 0-1

[Event "GM tournament"]
[Site "Panevezys"]
[Date "2008.08.15"]
[Round "5.3"]
[White "Simutowe, Amon"]
[Black "Haznedaroglu, Kivanc"]
[Result "1-0"]
[WhiteElo "2459"]
[BlackElo "2444"]
[PlyCount "95"]
[EventDate "2008.08.12"]

1. e4 c5 2. Nf3 Nc6 3. d4 cxd4 4. Nxd4 Qb6 5. Nb3 Nf6 6. Nc3 e6 7. Qe2 Bb4 8.
Bd2 O-O 9. a3 Be7 10. g4 d5 11. g5 Nxe4 12. Nxe4 dxe4 13. Qxe4 e5 14. h4 Be6
15. Be3 Qd8 16. Rd1 Qc8 17. Bd3 g6 18. h5 Bf5 19. Qh4 Qe6 20. Bc4 Qc8 21. Bd3
Qe6 22. Nd2 Rad8 23. hxg6 Bxg6 24. Bxg6 Qxg6 25. c3 Rfe8 26. Qe4 Nd4 27. Qxg6+
hxg6 28. Ne4 Ne6 29. Ke2 a6 30. b4 Kg7 31. a4 b5 32. axb5 axb5 33. Rxd8 Rxd8
34. Ra1 Rd7 35. Ra6 Rb7 36. Rc6 Kf8 37. Rc8+ Kg7 38. Re8 Kh7 39. Kf3 Kg7 40.
Ke2 Kh7 41. Kf3 Kg7 42. Kg4 Kh7 43. f3 Kg7 44. Bf2 Rc7 45. Bg3 Nf4 46. Rb8 Nd3
47. Rxb5 Rc4 48. Rd5 1-0

[Event "GM tournament"]
[Site "Panevezys"]
[Date "2008.08.15"]
[Round "5.4"]
[White "Miezis, Normunds"]
[Black "Sarakauskas, Gediminas"]
[Result "1-0"]
[WhiteElo "2540"]
[BlackElo "2449"]
[PlyCount "113"]
[EventDate "2008.08.12"]

1. c4 e6 2. Nf3 Nf6 3. b3 d5 4. Bb2 c5 5. e3 Nc6 6. cxd5 exd5 7. Be2 Bd6 8. O-O
O-O 9. d4 a6 10. dxc5 Bxc5 11. a3 Re8 12. Qc2 Ba7 13. Bxa6 d4 14. Bc4 dxe3 15.
Ng5 exf2+ 16. Kh1 Be6 17. Bxf6 Qxf6 18. Qxh7+ Kf8 19. Nxe6+ fxe6 20. Nd2 Bd4
21. Rad1 Rxa3 22. Ne4 Qh6 23. Qxh6 gxh6 24. Nd6 Rd8 25. Nxb7 Rb8 26. Nd6 Ra2
27. b4 Ke7 28. Bxa2 Kxd6 29. Rxf2 Ke7 30. Rf4 Rxb4 31. Rh4 Bg7 32. Rxb4 Nxb4
33. Bb1 Bc3 34. g3 Nd5 35. Ba2 Nf6 36. Rc1 Be5 37. Re1 Kd6 38. Kg2 Ng4 39. Bb3
Nf6 40. Kf3 Ne8 41. Re4 Ng7 42. Ra4 Ke7 43. Ke4 Bc3 44. Ra6 Bb2 45. g4 Bc3 46.
h4 Be1 47. g5 hxg5 48. hxg5 Bc3 49. Ra7+ Kd6 50. Ba4 Bb2 51. Rb7 Ba1 52. Rd7+
Kc5 53. Rd1 Bb2 54. Bd7 Bc3 55. Rc1 Kc4 56. Rc2 Kb4 57. Kd3 1-0

[Event "GM tournament"]
[Site "Panevezys"]
[Date "2008.08.15"]
[Round "5.5"]
[White "Kovalev, Andrei"]
[Black "Beinoras, Mindaugas"]
[Result "1-0"]
[WhiteElo "2550"]
[BlackElo "2426"]
[PlyCount "59"]
[EventDate "2008.08.12"]

1. e4 e5 2. Nf3 Nc6 3. Bb5 a6 4. Ba4 Nf6 5. O-O Be7 6. Re1 b5 7. Bb3 d6 8. c3
O-O 9. h3 Na5 10. Bc2 c5 11. d4 Qc7 12. Nbd2 cxd4 13. cxd4 Nc6 14. a3 Bb7 15.
d5 Nb8 16. Nb3 Nbd7 17. Be3 Nc5 18. Nbd2 a5 19. Rc1 Rfc8 20. Bd3 Qb8 21. Bxc5
dxc5 22. Bxb5 Bxd5 23. exd5 Qxb5 24. Nxe5 c4 25. Ndxc4 Nxd5 26. a4 Qb7 27. Qf3
Bf6 28. Rcd1 Bxe5 29. Rxd5 Rxc4 30. Rdxe5 1-0

[Event "GM tournament"]
[Site "Panevezys"]
[Date "2008.08.15"]
[Round "6.3"]
[White "Haznedaroglu, Kivanc"]
[Black "Miezis, Normunds"]
[Result "1/2-1/2"]
[WhiteElo "2444"]
[BlackElo "2540"]
[PlyCount "39"]
[EventDate "2008.08.12"]

1. e4 c5 2. Nf3 e6 3. d4 cxd4 4. Nxd4 a6 5. Bd3 Nc6 6. Nxc6 dxc6 7. Nd2 e5 8.
O-O Nf6 9. Nc4 Qc7 10. Bd2 b5 11. Ne3 Bc5 12. a4 Rb8 13. b4 Be7 14. axb5 axb5
15. Ra5 O-O 16. Qa1 Re8 17. Qb2 Bf8 18. Rfa1 Qd6 19. Bc3 Ng4 20. Nxg4 1/2-1/2

[Event "GM tournament"]
[Site "Panevezys"]
[Date "2008.08.15"]
[Round "6.4"]
[White "Pileckis, Emilis"]
[Black "Simutowe, Amon"]
[Result "1-0"]
[WhiteElo "2443"]
[BlackElo "2459"]
[PlyCount "107"]
[EventDate "2008.08.12"]

1. Nf3 g6 2. d4 Bg7 3. c4 d6 4. Nc3 Bg4 5. e3 c5 6. Be2 Nc6 7. O-O Rb8 8. b3 e6
9. Bb2 Nge7 10. h3 cxd4 11. Nxd4 Bxe2 12. Ncxe2 Nxd4 13. Bxd4 e5 14. Bb2 d5 15.
cxd5 Qxd5 16. Ba3 Qe6 17. Nc3 Rd8 18. Qg4 Qxg4 19. hxg4 f5 20. Nb5 Nc8 21. gxf5
gxf5 22. Rac1 a6 23. Rc7 Bf8 24. Rfc1 axb5 25. Bxf8 Rxf8 26. Rxc8 Rxc8 27.
Rxc8+ Ke7 28. Rc5 Kd6 29. Rxb5 Rf7 30. Kh2 Ke6 31. a4 Rc7 32. Kg3 Rg7+ 33. Kh3
Kd6 34. g3 Ke6 35. Kh4 e4 36. Kh5 Kf6 37. a5 Ke6 38. b4 Rd7 39. Kg5 Rg7+ 40.
Kh6 Rd7 41. Rb6+ Kd5 42. Kg5 Rf7 43. b5 Kc5 44. Kf4 h6 45. Ke5 h5 46. Kf4 Kc4
47. a6 bxa6 48. bxa6 Kd3 49. Rb3+ Kc2 50. Ra3 Ra7 51. Ra2+ Kd3 52. Kxf5 Rf7+
53. Kg6 Rxf2 54. Rxf2 1-0

[Event "GM tournament"]
[Site "Panevezys"]
[Date "2008.08.15"]
[Round "6.5"]
[White "Klimov, Sergey"]
[Black "Malakhatko, Vadim"]
[Result "0-1"]
[WhiteElo "2509"]
[BlackElo "2612"]
[PlyCount "70"]
[EventDate "2008.08.12"]

1. e4 e6 2. d4 d5 3. Nc3 Bb4 4. e5 Ne7 5. a3 Bxc3+ 6. bxc3 c5 7. Qg4 O-O 8. Bd3
f5 9. exf6 Rxf6 10. Bg5 Rf7 11. Qh5 g6 12. Qd1 Nbc6 13. Nf3 Qf8 14. O-O c4 15.
Be2 h6 16. Bc1 Bd7 17. a4 Rd8 18. g3 Kh7 19. Nh4 e5 20. Ng2 Qg7 21. dxe5 Qxe5
22. Qd2 Qg7 23. Ba3 Bf5 24. g4 Bc8 25. f4 d4 26. Bxc4 dxc3 27. Qe3 Nd5 28. Qc5
Rc7 29. Qf2 Bxg4 30. Bxd5 Rxd5 31. Ne3 Rd2 32. Qg3 Bf5 33. Rf2 Rcd7 34. Raf1
Nd4 35. Qg2 Nxc2 0-1

[Event "GM tournament"]
[Site "Panevezys"]
[Date "2008.08.16"]
[Round "7.2"]
[White "Simutowe, Amon"]
[Black "Klimov, Sergey"]
[Result "0-1"]
[WhiteElo "2459"]
[BlackElo "2509"]
[PlyCount "138"]
[EventDate "2008.08.12"]

1. Nf3 Nf6 2. c4 g6 3. Nc3 Bg7 4. e4 d6 5. d4 O-O 6. Be2 Na6 7. O-O e5 8. Be3
Ng4 9. Bg5 Qe8 10. h3 h6 11. Bc1 Nf6 12. dxe5 dxe5 13. Be3 c6 14. Qc1 Kh7 15.
c5 Nc7 16. Nd2 Ne6 17. Rd1 Nd7 18. b4 a5 19. a3 Nd4 20. Bd3 f5 21. exf5 gxf5
22. Rb1 axb4 23. axb4 Kh8 24. Nc4 f4 25. Nd6 Qh5 26. Bxd4 exd4 27. Ne2 Be5 28.
f3 Qg5 29. Bc4 Bxd6 30. cxd6 Ne5 31. Nxd4 Bxh3 32. Rd2 Rad8 33. Qc3 Rxd6 34.
Re1 Qf6 35. Re4 Bc8 36. Rde2 Ng6 37. Qb2 Rfd8 38. Rd2 b6 39. Ne6 Qxb2 40. Rxb2
Bxe6 41. Bxe6 Rd4 42. Ree2 Kg7 43. Bf5 R8d6 44. Kh2 Kf6 45. Bxg6 Kxg6 46. Re8
Kf5 47. g4+ fxg3+ 48. Kxg3 b5 49. Re7 Rg6+ 50. Kh3 Rc4 51. Rf7+ Rf6 52. Rg7 Ke5
53. Kg3 h5 54. Re7+ Kf5 55. Rh7 h4+ 56. Kg2 Ke5 57. Rh5+ Kd6 58. Rd2+ Kc7 59.
Rh7+ Kb6 60. Rd8 Rxb4 61. Rb8+ Kc5 62. Rh5+ Kd6 63. Rd8+ Kc7 64. Rdh8 Rb2+ 65.
Kh3 Rxf3+ 66. Kg4 Rf7 67. Rxh4 Rb4+ 68. Kg5 Rxh4 69. Rxh4 Kb6 0-1

[Event "GM tournament"]
[Site "Panevezys"]
[Date "2008.08.16"]
[Round "7.3"]
[White "Miezis, Normunds"]
[Black "Pileckis, Emilis"]
[Result "1/2-1/2"]
[WhiteElo "2540"]
[BlackElo "2443"]
[PlyCount "106"]
[EventDate "2008.08.12"]

1. c4 c5 2. Nc3 b6 3. e4 Bb7 4. g3 g6 5. Bg2 Bg7 6. Nge2 Nc6 7. d3 d6 8. Be3
Nf6 9. h3 Nd7 10. Qd2 a6 11. O-O Nd4 12. Rab1 O-O 13. b4 Bc6 14. f4 e6 15. Kh2
Ra7 16. Bg1 f5 17. a3 Qa8 18. Rbe1 Nb8 19. Qa2 Kh8 20. Nd1 e5 21. Nxd4 cxd4 22.
exf5 gxf5 23. Bxc6 Qxc6 24. Qg2 Qxg2+ 25. Kxg2 a5 26. g4 axb4 27. axb4 Na6 28.
fxe5 Nxb4 29. exd6 Nxd3 30. Re7 Rxe7 31. dxe7 Re8 32. gxf5 Bf6 33. Nf2 Nxf2 34.
Bxf2 Rxe7 35. Rd1 Kg7 36. Bxd4 Bxd4 37. Rxd4 Kf6 38. Rd6+ Kxf5 39. Rxb6 Re3 40.
Rh6 Rc3 41. Rh4 Kg5 42. Rd4 h5 43. Rd5+ Kf4 44. Rxh5 Rc2+ 45. Kf1 Kf3 46. Rf5+
Kg3 47. Rc5 Kxh3 48. Ke1 Kg4 49. Kd1 Ra2 50. Kc1 Kf4 51. Kb1 Rh2 52. Rd5 Ke4
53. Rd1 Ke5 1/2-1/2

[Event "GM tournament"]
[Site "Panevezys"]
[Date "2008.08.16"]
[Round "7.4"]
[White "Kovalev, Andrei"]
[Black "Haznedaroglu, Kivanc"]
[Result "1-0"]
[WhiteElo "2550"]
[BlackElo "2444"]
[PlyCount "81"]
[EventDate "2008.08.12"]

1. e4 c5 2. Nf3 Nc6 3. Bb5 e6 4. O-O Nge7 5. c3 a6 6. Be2 d5 7. exd5 Nxd5 8. d4
cxd4 9. Nxd4 Bd6 10. Nxc6 bxc6 11. c4 Nf6 12. Bf3 Qc7 13. g3 h5 14. Bg5 Rb8 15.
Qd2 h4 16. Bxh4 Rxh4 17. gxh4 Bxh2+ 18. Kg2 Bf4 19. Qe2 Nd7 20. Nc3 Ne5 21. c5
Ng6 22. Rh1 Be5 23. Kg1 Bd4 24. Rd1 Bxc5 25. h5 Nf4 26. Qc4 Qe5 27. Ne4 Ba7 28.
Qxc6+ Ke7 29. Nd6 Nd5 30. Ne4 f5 31. Nc5 Qf4 32. Re1 Nc7 33. Rh4 Qd6 34. Qxd6+
Kxd6 35. b4 a5 36. Rd4+ Ke7 37. Red1 Rxb4 38. Rd7+ Bxd7 39. Rxd7+ Kf6 40. Rxc7
Bb6 41. Nd7+ 1-0